Geography Quiz

Random Geography or City Quiz

Dutch train stations with multiple train companies Quiz Stats

 Plays Quiz not verified by Sporcle

Challenge
Share
Tweet
Embed
Score 0/36 Timer 10:00
0 Plays Today
Companies Station % Correct
NS, Arriva, NMBSMaastricht
95.9%
NS, ArrivaGroningen
94.9%
NS, Keolis, DB Regio NRWEnschede
91.8%
NS, ArrivaLeeuwarden
91.8%
NS, Arriva, Breng, AbellioArnhem Centraal
90.8%
NS, ArrivaNijmegen
85.7%
NS, ArrivaVenlo
85.7%
NS, Arriva, KeolisZwolle
85.7%
NS, ArrivaHeerlen
82.7%
NS, KeolisHengelo
82.7%
NS, ConnexxionAmersfoort
81.6%
NS, ArrivaRoermond
79.6%
NS, Arriva, KeolisAlmelo
78.6%
Arriva, BrengDoetinchem
76.5%
NS, ArrivaSittard
76.5%
NS, Arriva, KeolisZutphen
72.4%
NS, ConnexxionEde-Wageningen
71.4%
NS, ArrivaTiel
70.4%
Companies Station % Correct
NS, ArrivaApeldoorn
69.4%
NS, QBuzzDordrecht
67.3%
NS, QBuzzGeldermalsen
67.3%
Arriva, NMBSMaastricht Randwyck
59.2%
Arriva, Breng, AbellioZevenaar
58.2%
NS, ArrivaElst
56.1%
NS, Arriva, BrengArnhem Velperpoort
55.1%
Arriva, BrengDoetinchem De Huet
53.1%
Arriva, BrengDidam
49%
NS, KeolisAlmelo de Riet
45.8%
Arriva, BrengWestervoort
44.9%
NS, KeolisEnschede Kennispark
44.1%
NS, ArrivaBlerick
43.9%
Arriva, BrengDuiven
43.9%
NS, ArrivaGroningen Europapark
42.9%
NS, KeolisWierden
40.7%
Arriva, BrengWehl
39.8%
NS, KeolisBorne
37.3%

You're not logged in!

Compare scores with friends on all Sporcle quizzes.
OR
Log In

You Might Also Like...

Show Comments

Extras

Top Quizzes Today


Score Distribution

Your Account Isn't Verified!

In order to create a playlist on Sporcle, you need to verify the email address you used during registration. Go to your Sporcle Settings to finish the process.

Report this User

Report this user for behavior that violates our Community Guidelines.

Details: